000 00475nam a2200145 a 4500
008 120416s1963 ||||||||||||||||| || u
050 _aTS 155 Coo
100 _aCooper, Alfred M
245 1 0 _aHow to supervise people
250 _a4th ed.
260 _aNew York
_bMcGraw-Hill
_c1963
300 _aiv, 250p.
350 _a0.00
995 _D0.00
_FCBU-MAIN LIBRARY (Kitwe)
_H1
_I0.00
_M1
_UDAMAGED
_ZMain Library Open Access Collection
999 _c45850
_d45850